Statistics for Australian Prime Ministers

Click here to take the quiz!

General Stats

  • This quiz has been taken 5 times
  • The average score is 18 of 31

Answer Stats

Term(s) in OfficeNo. of MinistriesParty(Usually) Old Guy% Correct
23 May 2022 - TBC1LaborAnthony Albanese
80%
11 Mar 1983 - 20 Dec 19914LaborBob Hawke
80%
1 Jan 1901 - 24 Sep 19031ProtectionistEdmund Barton
80%
7 Oct 1941 - 5 Jul 1945 (Died: Heart Disease)2LaborJohn Curtin
80%
11 Mar 1996 - 3 Dec 20074Liberal (Coalition w/ Nationals)John Howard
80%
24 Jun 2010 - 27 Jun 20132LaborJulia Gillard
80%
20 Dec 1991 - 11 Mar 19962LaborPaul Keating
80%
26 Apr 1939 - 29 Aug 1941; 19 Dec 1949 - 26 Jan 196610United Australia (Coalition w/ Country starting in late 1939); Liberal (Coalition w/ country)Robert Menzies
80%
18 Sep 2013 - 15 Sep 20151Liberal (Coalition w/ Nationals)Tony Abbott
80%
24 Sep 1903 - 27 Apr 1904; 5 Jul 1905 - 13 Nov 1908; 2 Jun 1909 - 29 Apr 19103Protectionist (2); LiberalAlfred Deakin
60%
13 Jul 1945 - 19 Dec 19492LaborBen Chifley
60%
18 Aug 1904 - 5 Jul 19051Free TradeGeorge Reid
60%
5 Dec 1972 - 11 Nov 19753LaborGough Whitlam
60%
26 Jan 1966 - 19 Dec 1967 (Went swimming; didn't return)2Liberal (Coalition w/ Country)Harold Holt
60%
22 Oct 1929 - 6 Jan 19321LaborJames Scullin
60%
10 Jan 1968 - 10 Mar 19712Liberal (Coalition w/ Country/Nationals)John Gorton
60%
19 Dec 1967 - 10 Jan 19681Country (Coalition w/ Liberal)John McEwen
60%
3 Dec 2007 - 24 Jun 2010; 27 Jun - 18 Sep 20132LaborKevin Rudd
60%
11 Nov 1975 - 11 Mar 19834Liberal (Coalition w/ Nationals)Malcolm Fraser
60%
15 Sep 2015 - 24 Aug 20182Liberal (Coalition w/ Nationals)Malcolm Turnbull
60%
24 Aug 2018 - 23 May 20222Liberal (Coalition w/ Nationals)Scott Morrison
60%
10 Mar 1971 - 5 Dec 19721Liberal (Coalition w/ Country/Nationals)William McMahon
60%
13 Nov 1908 - 2 Jun 1909; 29 Apr 1910 - 24 Jun 1913; 17 Sep 1914 - 27 Oct 19153LaborAndrew Fisher
40%
29 Aug - 7 Oct 19411Country (Coalition w/ Liberal)Arthur Fadden
40%
27 Oct 1915 - 14 Nov 1916; 14 Nov 1916 - 17 Feb 1917; 17 Feb 1917 - 9 Feb 19235Labor; National Labor; NationalistBilly Hughes
40%
27 Apr - 18 Aug 19041LaborChris Watson
40%
5 - 13 Jul 19451LaborFrank Forde
40%
6 Jan 1932 - 7 Apr 1939 (Died: Heart Attack)4United Australia (Coalition w/ Country starting in1934)Joseph Lyons
40%
7 - 26 Apr 19391Country (Coalition w/ United Australia)Earle Page
20%
24 Jun 1913 - 17 Sep 19141LiberalJoseph Cook
20%
9 Feb 1923 - 22 Oct 19293Nationalist (Coalition w/ Country)Stanley Bruce
20%

Score Distribution

Percentile by Number Answered

Percent of People with Each Score

Your Score History

You have not taken this quiz